| 000 | 00903nam a22002177a 4500 | ||
|---|---|---|---|
| 999 |
_c9005 _d9005 |
||
| 003 | AR-CdUCM | ||
| 008 | 190327b ||||| |||| 00| 0 spa d | ||
| 040 |
_aMUNICIPALIDAD PROVINCIAL DEL CUSCO _cBIBLIOTECA MUNICIPAL DEL CUSCO |
||
| 082 |
_a641.875 / _bIN36 |
||
| 110 |
_aCorporación Inca Kola Perú _924933 |
||
| 245 |
_aInca Kola : _bRumbo al 2000: nuevo siglo, nuevo reto = Inka kola : Towards the year 2000 a new century a new challenge / |
||
| 300 |
_a92 páginas ; _c31 cm. |
||
| 505 | _aContenido : Tiene hermosos, claro y dorado color -- Un ejemplo digno de tomar en cuenta -- Inca cola: Una historia con éxito -- Una bebida incomparable y única ... | ||
| 650 |
_aBebidas gaseosas _924934 |
||
| 650 |
_aAniversarios _91064 |
||
| 650 |
_aPerú _935 |
||
| 700 |
_aGuardia, Sara Beatriz _913286 |
||
| 710 |
_aCorporación Inca Kola Perú (Lima) _924935 |
||
| 942 |
_2ddc _cLIBROS |
||
| 945 | _arah | ||